Ingeniería y ciencias ambientales

Saved in:
Bibliografiske detaljer
Main Authors: Davis, Mackenzie L (Author), Masten, Susan J (Author)
Format: Bog
Sprog:spansk
Udgivet: Ciudad de México McGraw-Hill 2005
Fag:
Tags: Tilføj Tag
Ingen Tags, Vær først til at tagge denne postø!

MARC

LEADER 00000nam a2200000 a 4500
001 UCK8172
003 CL-VaPUC
008 060120e20050000MX |||||||||||||||||spa|d
020 |a 9701049780 
082 0 4 |a 628.354  |b DAV  |2 21 
100 0 |a Davis, Mackenzie L  |e author  |9 497958 
700 0 |a Masten, Susan J  |e author  |9 497959 
245 1 0 |a Ingeniería y ciencias ambientales 
300 |a 750 p 
942 |c BK 
945 |d 20060120 00:00:00  |a jtorresc 
260 |a Ciudad de México  |b McGraw-Hill  |c 2005 
650 7 |a CIENCIAS AMBIENTALES  |2 CL-VaPUC  |9 344897 
650 0 |a Ingeniería ambiental  |9 328689 
650 0 |a Conservación del medio ambiente  |9 340695 
650 0 |a Calidad del agua   |9 261394 
650 7 |a PROCESOS DE INGENIERIA QUIMICA  |2 CL-VaPUC  |9 338578 
650 0 |a Tratamiento del agua   |9 262889 
650 0 |a Aguas residuales   |9 262614 
650 0 |a Ingeniería ambiental  |9 328689 
583 |a last modification  |c 20161003 11:36:14  |k Rodrigo Vera 
999 |c 315951  |d 315949 
952 |0 0  |1 2  |4 0  |6 628_354000000000000_DAV_2005  |7 0  |8 R  |9 389857  |a BIBING  |b BIBING  |d 2019-11-22  |i 4204468  |o 628.354 DAV 2005  |p 4204468  |r 2019-11-22  |w 2019-11-22  |y BK_R  |k CCL 
952 |0 0  |1 0  |2 ddc  |4 0  |6 628_354000000000000_DAV_2005  |7 0  |8 A  |9 389858  |a BIBING  |b BIBING  |c RES  |d 2019-11-22  |i 4219791  |o 628.354 DAV 2005  |p 4219791  |r 2025-01-20  |w 2019-11-22  |y BK  |k EIQ